000 00863cam a2200229 4500
001 8458
005 20181127190011.0
008 070824s2007 enka b 001 0 eng
010 _a 2007279441
020 _a9780199284993 (pbk.)
082 0 0 _a658.4/08
_222
100 1 _aCrane, Andrew,
_d1968-
245 1 0 _aBusiness ethics :
_bmanaging corporate citizenship and sustainability in the age of globalization /
_cAndrew Crane, Dirk Matten.
250 _a2nd ed.
260 _aOxford ;
_aNew York :
_bOxford University Press,
_c2007.
300 _axxiii, 566 p. :
_bill. ;
_c25 cm.
500 _aUpdated ed. of Business ethics, a European perspective.
504 _aIncludes bibliographical references (p. [523]-547) and indexes.
650 0 _aBusiness ethics.
700 1 _aCrane, Andrew,
_d1968-
_tBusiness ethics, a European perspective.
700 1 _aMatten, Dirk.
999 _c7315
_d7315